• 首页
  • 本馆介绍
  • 公告通知
  • 最新文献
  • 馆藏检索
  • 电子资源
  • 读者导购
  • 参考咨询
  • 我的图书馆
  • 登录
  • 详细信息显示
  • 放入我的书架
  • 预约/预借图书
  • 作者相关作品
  • 分类相关作品
  • 丛书相关作品
  • 出版社相关作品

书目信息

  • 表格格式
  • 工作单格式
  • 卡片格式
题名:
青草坡
    
 
作者: 王德芳 著 ;张鲁 作曲
分册:  
出版信息: 北京   通俗读物出版社  1956
页数: 50页
开本: 18cm
丛书名:
单 册:
中图分类: I233.7
科图分类:
主题词: 歌舞剧--剧本--中国--现代
电子资源:
ISBN: T10008.5
000 00654cam0 2200241 450
001 0105404480
005 20070509101950.0
010    @aT10008.5@dCNY0.12
091    @aT10008.5@dCNY0.12
100    @a19970123d1956 em y0chiy0110 ea
101 0  @achi
102    @aCN@b110000
105    @ag z 000by
106    @ar
200 1  @a青草坡@9Qing Cao Po @e歌舞剧@f王德芳著@g张鲁作曲@b专著
210    @a北京@c通俗读物出版社@d1956
215    @a50页@d18cm
606 0  @a歌舞剧@x剧本@y中国@z现代
690    @aI233.7@v3
701  0 @a王德芳@9wang de fang@4著
702  0 @a张鲁@9zhang lu@4作曲
801  0 @aCN@bAiZhiMarc
905    @aBZT@dI233.7@e2@f1@sI233.7/2
    
    青草坡:歌舞剧/王德芳著/张鲁作曲.-北京:通俗读物出版社,1956
    50页;18cm
    
    
    ISBN T10008.5:CNY0.12
    
●
相关链接 在五车中查询图书 在当当中查询图书 在豆瓣中查询图书


正题名:青草坡     索取号:I233.7/2         预约/预借

序号 登录号 条形码 馆藏地/架位号 状态 备注
1 2000077402   2000077402   旧书回溯/ [索取号:I233.7/2] 在馆    
山东省滨州职业学院图书馆 欢迎您!
大连网信软件有限公司© 版权所有